Anar al contingut

Проблемы современного образования, 2021, № 1 всероссийский междисциплинарный журнал

Guardat en:
Dades bibliogràfiques
Format: Журнал
Edició:1
Accés en línia:https://znanium.ru/catalog/document?id=460564
https://znanium.ru/cover/2195/2195964.jpg
Etiquetes: Afegir etiqueta
Sense etiquetes, Sigues el primer a etiquetar aquest registre!
LEADER 01446nam0a2200337 i 4500
001 RU\infra-m\znanium\bibl\2195964
003 https://znanium.ru/catalog/document?id=460564
005 20250207000000.0
100 |a 20250207d2025 m y0rusy0150 ca 
101 0 |a rus 
102 |a RU 
200 1 |a Проблемы современного образования, 2021, № 1  |e всероссийский междисциплинарный журнал  |e Журнал 
205 |a 1 
210 1 |a Москва  |c Московский педагогический государственный университет  |d 2021 
215 |a 264 с. 
333 |a ВО - Магистратура 
606 |a Педагогика. Образование  |x Организация образования  |2 local 
608 |a Журнал  |2 local 
675 |a 10  |z rus 
675 |a 15  |z rus 
675 |a 37  |z rus 
675 |a 370  |z rus 
686 |a 74  |2 rubbk 
686 |a 87  |2 rubbk 
686 |a 88  |2 rubbk 
686 |a 37.00.00  |2 okso 
686 |a 44.00.00  |2 okso 
686 |a 47.00.00  |2 okso 
801 0 |a RU  |b Общество с ограниченной ответственностью «ЗНАНИУМ»  |c 20250206  |2 rusmarc 
856 4 |a znanium.ru  |m ebs_support@infra-m.ru  |n НИЦ ИНФРА-М  |u https://znanium.ru/catalog/document?id=460564 
856 4 1 |a znanium.ru  |d /cover/2195  |f 2195964.jpg  |q image/jpeg  |u https://znanium.ru/cover/2195/2195964.jpg